00404nam a2200157Ia 450000500170000000800410001704000190005804100120007708200150008910000200010424500490012426000270017330000150020065000210021585000100023620240402092200.0131103s9999 xx 000 0 und d aLoreto College aEnglish a420.7bCHA aChapman, L.R.H. aTeaching english to beginnerscL.R.H.Chapman aLondonbLongmansc1958 avii,139p.  aEnglish language aLCBED